|
|
|
|
| LEADER |
00000nam a2200000 a 4500 |
| 001 |
vtls009159700 |
| 003 |
SK-MaSNL |
| 005 |
20260301125207.0 |
| 008 |
240318s2007 xo o d 000 0bslo |
| 015 |
|
|
|a SNBA2007/12-05732
|
| 020 |
|
|
|a 9788089183340
|q (brož.)
|
| 035 |
|
|
|a urn:nbn:sk:snk-am00ctsk
|
| 035 |
|
|
|a urn:nbn:sk:snk-am3hpug
|
| 035 |
|
|
|a B94357D4-71DF-4190-833A-AF842AF4AE09
|
| 040 |
|
|
|a SNK
|b slo
|c SNK
|e AACR2
|
| 041 |
0 |
|
|a slo
|a ukr
|
| 043 |
|
|
|a e-xo---
|
| 044 |
|
|
|a xo
|c SK
|
| 072 |
|
7 |
|a 821.16.09
|x Slovanské literatúry (o nich)
|2 konspekt
|
| 072 |
|
7 |
|a 929
|x Biografie
|2 konspekt
|
| 080 |
|
|
|a 82-95-051
|2 2001
|
| 080 |
|
|
|a 821.161.2
|2 2001
|
| 080 |
|
|
|a 37.011.3-051
|2 2001
|
| 080 |
|
|
|a 001-026.12
|2 2001
|
| 080 |
|
|
|a (437.6)
|2 2001
|
| 080 |
|
|
|a (092)
|2 2001
|
| 100 |
1 |
|
|a Makara, Sergej,
|d 1937-2022
|4 aut
|9 86033
|
| 245 |
1 |
0 |
|a Michal Roman - pedagóg, vedec, dejateľ
|c Sergej Makara
|
| 246 |
1 |
1 |
|a Mychajlo Roman - pedagog, včenyj, hromadc'kyj dijač
|
| 250 |
|
|
|a 1. vyd.
|
| 260 |
|
|
|a Banská Bystrica
|b Partner-Čižmárová
|c 2007
|
| 300 |
|
|
|a 31, 36 s.
|b fotogr.
|c 15 cm
|
| 500 |
|
|
|a Zvratmo tlačené texty majú vlastné stránkovanie
|
| 504 |
|
|
|a Pozn.
|
| 600 |
1 |
7 |
|a Roman, Michal,
|d 1930-
|2 SNKMA
|9 90937
|
| 648 |
|
7 |
|a 20. stor.
|2 SNKPH
|9 275975
|
| 650 |
0 |
7 |
|a literárni kritici
|2 SNKPH
|9 89457
|
| 650 |
0 |
7 |
|a ukrajinská literatúra
|2 SNKPH
|9 1218
|
| 650 |
0 |
7 |
|a pedagógovia
|2 SNKPH
|9 18561
|
| 650 |
0 |
7 |
|a vedecká činnosť
|2 SNKPH
|9 66912
|
| 651 |
|
7 |
|a Slovensko
|2 SNKPH
|
| 655 |
|
7 |
|a biografie
|2 SNKPH
|9 27965
|
| 919 |
|
|
|a 978-80-89183-34-0
|
| 958 |
|
|
|a NB
|
| 958 |
|
|
|a BX
|
| 958 |
|
|
|a UA
|
| 958 |
|
|
|a NM
|
| 968 |
|
|
|d 82
|
| 999 |
|
|
|c 741721
|d 743651
|
| 952 |
|
|
|a SNK
|b SNK
|y PREZ
|7 0
|p 17A0567974
|o snkSE 11503
|i snk2007/24977
|8 0
|0 0
|1 0
|4 0
|d 2007-11-15
|f 1
|l 0
|r 2026-02-23 23:02:54
|w 2026-02-23
|
| 952 |
|
|
|a SNK
|b SNK
|y VYP
|7 0
|p 17A0567976
|o snkSE 11503 D1
|i snk2007/24978
|8 0
|0 0
|1 0
|4 0
|d 2007-11-15
|l 0
|r 2026-02-23 23:02:54
|w 2026-02-23
|